00669nam a2200181 a 450000100100000000500170001000800410002704000250006809000150009310000370010824501140014526000430025930000280030250000250033004900090035595201060036499900170047000001418720200929163518.0091207s1990 dr a 000 spa d aDO-SdBNPbspacBNPHU axxxxbO58i1 aOnieva Morales, Juan Luis93205910aIntercomunicación 2 :bcurso básico para el aprendizaje activo del español /cJuan Luis Onieva Morales. aSanto Domingo, :bPlaza Playor,c1990. a216 p. :bil. ;c27 cm. aEdición preliminar aBNPD 00107-18PDaPDbPDcOId2009-12-07iLF1l0o p14187-10r2020-06-25w2020-06-25yLFPDZNo se presta c13788d13788